2025 Top 20 Countries by Military Strength - Statistics

General Stats
  • This quiz has been taken 70 times
  • The average score is 18 of 20
Answer Stats
# Answer % Correct
3 China
100%
2 Russia
100%
6 United Kingdom
100%
1 United States
98%
7 France
97%
5 South Korea
97%
4 India
95%
14 Germany
94%
16 Iran
92%
11 Brazil
91%
8 Japan
91%
9 Türkiye
91%
18 Australia
89%
10 Italy
89%
20 Ukraine
88%
12 Pakistan
85%
19 Egypt
82%
15 Israel
82%
17 Spain
82%
13 Indonesia
77%
No matching quizzes found
Score Distribution
Percent of People with Each Score
Percentile by Number Answered
Your Score History
You have not taken this quiz